| 000 | 00444cam a22001571 4500 | ||
|---|---|---|---|
| 082 |
_a515 _bMAX _cL-1, P-6 |
||
| 100 | 1 |
_aMaxwell, E. A. _939207 |
|
| 245 | 1 | 3 | _aAn analytical calculus for school and university. |
| 250 | _aVOL 3rd. | ||
| 260 |
_aCambridge [Eng.] _bUniversity Press, _c1954-57. |
||
| 300 |
_a4 v. _billus. _c22 cm. |
||
| 526 |
_a0 _b0 _c0 _d515_000000000000000_MAX |
||
| 650 | 0 | _aCalculus. | |
| 650 | 0 |
_aMCE _9379 |
|
| 942 |
_2ddc _cBK |
||
| 999 |
_c543728 _d543728 |
||